000 00453nam a2200181Ia 4500
001 45486
008 140428s9999 xx 000 0 und d
020 _aNA
040 _cPK-LaUMT
082 _aRHC 891.4393
_bINA-D
100 _aInaytullah
245 _aDhutkaaray hovay insaan (Urdu)
_cInaytullah
260 _aLahore,Pakistan:
_bMezan Publishers,
_c1961
300 _a384 p.
546 _aUR
650 _aPakistani literature-Urdu
942 _cBK
999 _c43454
_d43454